000 00801nam a2200241Ia 4500
003 OSt
005 20220923210950.0
006 a|||||r|||| 00| 0
007 ta
008 Pun
020 _a8126016078 (pbk)
024 _a234,993
037 _cTextual
040 _aARTS
_cARTS
_bPun
041 _2Pun
_aPun
082 _aO31,3N21,NA, 153P3
100 _aਤਿਰੂਧੁਰਸੁੰਦਰੀ ਲਕFਮੀ; ਬ॥FੀF ਸਿੰਘ, ੳਗ.
_9156634
245 0 _aਨਦੀ ਦੀਆਂ ਛੱਲਾਂ
260 _aਦਿੱਲੀ
_b ਸਾਹਿਤ ਅਕਾਦੇਮੀ
_c2003
300 _a216ਪੰ
_ccm.
942 _hO31,3N21,NA, 153P3
_cTEXL
_2CC
999 _c293258
_d293258